00742nam a2200241 a 4500001001300000003000900013005001700022008004100039020002300080082001500103100001800118245006200136260003600198300000900234500003500243505002400278650002000302700001800322902000800340942000700348952012800355999001700483nice12345678IN_TiNIC20260116014608.0050524s2002 newa grp 000 0 eng  a8173047 c25000a954.6bKHA aKhan, M Ishaq aKashmir`s Transition to Islamb the Role of Muslim Rishis aNew Delhi bManohar Pub. c2002 a302p aincludes index and biblioraphy2 aBibliography, Index aKashmir-History1 aKhan, M Ishaq bSRS cBK 001040708StackRoom-aHMIbHMId2007-04-10g250.00l1o954.6 KHAp020959r2019-08-05s2019-07-31v250.00w2005-05-24yBK c16138d16138